[Event "Magdeburg"]
[Site "Magdeburg"]
[Date "1990.??.??"]
[Round "?"]
[White "Savin, Daniel"]
[Black "Kupreichik, Viktor D"]
[Result "0-1"]
[WhiteElo "2370"]
[BlackElo "2440"]
[PlyCount "74"]
[EventDate "1990.??.??"]
[EventType "game"]
[EventRounds "1"]
[EventCountry "GER"]
[SourceTitle "EXT 2010"]
[Source "ChessBase"]
[SourceDate "2010.11.25"]
[SourceVersion "1"]
[SourceVersionDate "2010.11.25"]
[SourceQuality "1"]

1. e4 c5 2. Nf3 d6 3. d4 cxd4 4. Nxd4 Nf6 5. Nc3 a6 6. Bg5 Nc6 7. Qd2 e6 8.
O-O-O Bd7 9. f4 Be7 10. Nf3 b5 11. e5 b4 12. exf6 bxc3 13. Qxc3 gxf6 14. Bh4 d5
15. Kb1 Nb4 16. Bd3 Rc8 17. Qd2 Ba4 18. b3 Qa5 19. bxa4 O-O 20. Nd4 Qxa4 21. c3
Nxd3 22. Qxd3 Qa3 23. Nb3 a5 24. Rd2 a4 25. Rb2 axb3 26. Rxb3 Rb8 27. Qc2 Rxb3+
28. Qxb3 Qd6 29. Qa4 Qc7 30. Rc1 Rb8+ 31. Ka1 Rb4 32. Qa8+ Kg7 33. Bg3 Qc4 34.
Qa7 Bc5 35. Qc7 Ra4 36. Rc2 Qf1+ 37. Kb2 Ba3+ 0-1

[Event "Prague Mladi op"]
[Site "Prague"]
[Date "1990.??.??"]
[Round "6"]
[White "Kupreichik, Viktor D"]
[Black "Tobyas, Miroslav"]
[Result "1-0"]
[WhiteElo "2490"]
[BlackElo "2310"]
[PlyCount "75"]
[EventDate "1990.??.??"]
[EventType "swiss"]
[EventRounds "9"]
[EventCountry "CZE"]
[SourceTitle "EXT 1997"]
[Source "ChessBase"]
[SourceDate "1996.11.15"]
[SourceVersion "1"]
[SourceVersionDate "1996.11.15"]
[SourceQuality "1"]

1. e4 c5 2. Nf3 d6 3. Nc3 Nc6 4. d4 cxd4 5. Nxd4 g6 6. Be3 Nf6 7. Be2 Bg7 8.
O-O O-O 9. Nb3 Be6 10. f4 Na5 11. f5 Bc4 12. Bd3 Bxd3 13. cxd3 Nc6 14. d4 e6
15. Bg5 Qb6 16. Kh1 a5 17. a4 Rae8 18. Rc1 exf5 19. exf5 Ne7 20. Rf3 h6 21.
Bxf6 Bxf6 22. Ne4 Bh8 23. Ng3 Nd5 24. Qd2 g5 25. Nxa5 Nf4 26. Rd1 d5 27. Nb3
Re7 28. a5 Qd6 29. Re3 Rfe8 30. Rde1 Rxe3 31. Rxe3 Rxe3 32. Qxe3 Bf6 33. Nc5
Qc6 34. h3 Qb5 35. b3 Kg7 36. Kh2 Qxa5 37. Nd7 Qd8 38. Nxf6 1-0

[Event "Prague Mladi op"]
[Site "Prague"]
[Date "1990.??.??"]
[Round "7"]
[White "Janakiev, Ivan"]
[Black "Kupreichik, Viktor D"]
[Result "0-1"]
[WhiteElo "2310"]
[BlackElo "2490"]
[PlyCount "118"]
[EventDate "1990.??.??"]
[EventType "swiss"]
[EventRounds "9"]
[EventCountry "CZE"]
[SourceTitle "EXT 1997"]
[Source "ChessBase"]
[SourceDate "1996.11.15"]
[SourceVersion "1"]
[SourceVersionDate "1996.11.15"]
[SourceQuality "1"]

1. d4 Nf6 2. c4 g6 3. Nc3 Bg7 4. e4 d6 5. f4 O-O 6. Nf3 c5 7. dxc5 Qa5 8. Bd2
Qxc5 9. b4 Qb6 10. Rc1 Nc6 11. Na4 Qd8 12. Bd3 e5 13. b5 Nd4 14. Nxd4 exd4 15.
O-O b6 16. Qc2 Bb7 17. Rce1 Re8 18. Re2 Rc8 19. Nb2 Rc7 20. Rfe1 Qa8 21. Nd1 d5
22. exd5 Rxe2 23. Rxe2 Bxd5 24. f5 gxf5 25. Bf4 Rc5 26. Be5 Qd8 27. Bxd4 Bxc4
28. Bxc5 Bxd3 29. Rd2 Qe8 30. Qxd3 Qe1+ 31. Qf1 Qxd2 32. Be3 Qc2 33. Bd4 Ng4
34. Bxg7 Qc7 35. Qxf5 Qxh2+ 36. Kf1 Qh1+ 37. Ke2 Qxg2+ 38. Ke1 Qg1+ 39. Kd2
Qxd1+ 40. Kxd1 Ne3+ 41. Kd2 Nxf5 42. Be5 Ne7 43. Bb8 Nc8 44. Kd3 Kf8 45. Ke4
Ke7 46. Kd5 Kd7 47. Ke5 h5 48. a4 h4 49. Kf5 h3 50. Kg4 Ke6 51. Kxh3 Kd5 52.
Bc7 Kc5 53. a5 bxa5 54. Bxa5 Kxb5 55. Bc3 a5 56. Kg4 a4 57. Kf5 a3 58. Ba1 Kc4
59. Kf6 Nd6 0-1

[Event "Val Maubuee op"]
[Site "Val Maubuee"]
[Date "1990.??.??"]
[Round "?"]
[White "Grosar, Aljosa"]
[Black "Kupreichik, Viktor D"]
[Result "0-1"]
[WhiteElo "2345"]
[BlackElo "2490"]
[PlyCount "86"]
[EventDate "1990.??.??"]
[EventType "swiss"]
[EventRounds "9"]
[EventCountry "FRA"]
[SourceTitle "EXT 1997"]
[Source "ChessBase"]
[SourceDate "1996.11.15"]
[SourceVersion "1"]
[SourceVersionDate "1996.11.15"]
[SourceQuality "1"]

1. e4 c5 2. Nf3 d6 3. d4 cxd4 4. Nxd4 Nf6 5. Nc3 a6 6. Be3 e6 7. f3 Nc6 8. Qd2
Qc7 9. g4 Be7 10. O-O-O O-O 11. g5 Nd7 12. Kb1 b5 13. h4 Nde5 14. f4 Nxd4 15.
Bxd4 Nf3 16. Qe3 Nxd4 17. Qxd4 b4 18. Ne2 Bb7 19. Ng3 Rfd8 20. Qd2 a5 21. Rg1
a4 22. f5 d5 23. e5 Qxe5 24. Re1 Qd6 25. Bd3 b3 26. f6 bxa2+ 27. Kxa2 Qb4 28.
Bxh7+ Kxh7 29. Qd3+ Kh8 30. fxe7 Rdb8 31. Nh5 Ba6 32. Qc3 Bc4+ 33. Ka1 Qxc3 34.
bxc3 Rb7 35. g6 Rxe7 36. gxf7 Rxf7 37. Rg2 a3 38. Reg1 Raf8 39. Ng3 e5 40. h5
Rf2 41. Rxf2 Rxf2 42. Kb1 e4 43. Nh1 e3 0-1

[Event "Val Maubuee op"]
[Site "Val Maubuee"]
[Date "1990.??.??"]
[Round "?"]
[White "Plachetka, Jan"]
[Black "Kupreichik, Viktor D"]
[Result "0-1"]
[WhiteElo "2425"]
[BlackElo "2490"]
[PlyCount "98"]
[EventDate "1990.??.??"]
[EventType "swiss"]
[EventRounds "9"]
[EventCountry "FRA"]
[SourceTitle "EXT 1997"]
[Source "ChessBase"]
[SourceDate "1996.11.15"]
[SourceVersion "1"]
[SourceVersionDate "1996.11.15"]
[SourceQuality "1"]

1. d4 Nf6 2. c4 g6 3. Nc3 Bg7 4. e4 d6 5. Be2 O-O 6. Nf3 c6 7. O-O Na6 8. h3 e5
9. dxe5 dxe5 10. Qxd8 Rxd8 11. Be3 Nd7 12. Rfd1 Re8 13. a3 f5 14. b4 f4 15. Bc1
Nc7 16. c5 Nf8 17. Bb2 Be6 18. Rd6 Bf7 19. Nb1 h6 20. Nbd2 Nb5 21. Rd3 Ne6 22.
Rd7 Nbd4 23. Bc4 b5 24. cxb6 axb6 25. Nxd4 exd4 26. Bb3 Rad8 27. Rb7 Rb8 28.
Ra7 Ng5 29. h4 Bxb3 30. hxg5 Bf7 31. gxh6 Bxh6 32. Bxd4 Rbd8 33. Nf3 Rxd4 34.
Nxd4 Bg7 35. Rc1 Bxd4 36. Rxc6 Rxe4 37. Rc8+ Be8 38. Kf1 b5 39. f3 Bxa7 40.
fxe4 Kf8 41. Ke2 Be3 42. Rc7 g5 43. g3 Bh5+ 44. Kd3 Bf7 45. Ke2 Bc4+ 46. Kf3
g4+ 47. Kxg4 Be2+ 48. Kf5 f3 49. Kf6 Ke8 0-1

[Event "URS Club Cup 2nd Group1"]
[Site "Podolsk"]
[Date "1990.03.??"]
[Round "?"]
[White "Kupreichik, Viktor D"]
[Black "Deev, Andrei"]
[Result "1-0"]
[WhiteElo "2490"]
[BlackElo "2390"]
[PlyCount "75"]
[EventDate "1990.03.??"]
[EventType "team-tourn"]
[EventRounds "6"]
[EventCountry "URS"]
[SourceTitle "EXT 2020"]
[Source "ChessBase"]
[SourceDate "2019.10.17"]
[SourceVersion "1"]
[SourceVersionDate "2019.10.17"]
[SourceQuality "1"]
[WhiteTeam "Minsk Chess & Draughts House"]
[BlackTeam "Moscow GPZ-1 Phoenix"]
[WhiteTeamCountry "URS"]
[BlackTeamCountry "URS"]

1. e4 c5 2. Nf3 Nc6 3. d4 cxd4 4. Nxd4 Nf6 5. Nc3 e5 6. Ndb5 d6 7. Bg5 a6 8.
Na3 b5 9. Nd5 Be7 10. Nxe7 Nxe7 11. Qf3 Bg4 12. Qg3 Be6 13. Bd3 Ng6 14. O-O O-O
15. c4 h6 16. Bxf6 Qxf6 17. cxb5 axb5 18. Nxb5 Bxa2 19. Rfc1 Bb3 20. Bf1 Be6
21. Nxd6 Rxa1 22. Rxa1 Rd8 23. Ra6 Rb8 24. Qc3 Rb3 25. Qc2 Rb4 26. Nc4 Qd8 27.
Qc3 Bxc4 28. Qxb4 Bxa6 29. Bxa6 Nf4 30. Bf1 Qg5 31. g3 Ne6 32. Bc4 Qc1+ 33. Kg2
Ng5 34. h4 Nh7 35. Qb8+ Nf8 36. Qc7 Qb1 37. Qxf7+ Kh7 38. Qf5+ 1-0

[Event "URS Club Cup 2nd Group1"]
[Site "Podolsk"]
[Date "1990.03.??"]
[Round "?"]
[White "Kupreichik, Viktor D"]
[Black "Kengis, Edvins"]
[Result "1-0"]
[WhiteElo "2490"]
[BlackElo "2500"]
[PlyCount "165"]
[EventDate "1990.03.??"]
[EventType "team-tourn"]
[EventRounds "6"]
[EventCountry "URS"]
[SourceTitle "EXT 2020"]
[Source "ChessBase"]
[SourceDate "2019.10.17"]
[SourceVersion "1"]
[SourceVersionDate "2019.10.17"]
[SourceQuality "1"]
[WhiteTeam "Minsk Chess & Draughts House"]
[BlackTeam "Riga Chess & Draughts Club"]
[WhiteTeamCountry "URS"]
[BlackTeamCountry "URS"]

1. e4 Nf6 2. e5 Nd5 3. d4 d6 4. f4 dxe5 5. fxe5 c5 6. Nf3 cxd4 7. Qxd4 Nc6 8.
Bb5 Qa5+ 9. Nc3 Nxc3 10. Bxc6+ bxc6 11. Bd2 Nb5 12. Bxa5 Nxd4 13. Nxd4 e6 14.
O-O-O Bd7 15. Rd3 c5 16. Rhd1 Ba4 17. Ra3 Bd7 18. Nf3 Bc6 19. c4 Be7 20. Bc7 g5
21. Bd6 g4 22. Bxe7 Kxe7 23. Ne1 a5 24. Rd6 Rhc8 25. Rg3 h5 26. Nd3 Rc7 27. Nf4
Rg8 28. h4 Rh8 29. Rb3 Bd7 30. g3 a4 31. Rbb6 Ra7 32. Kc2 Rc7 33. Kc3 Ra7 34.
Ra6 Rb7 35. Rdb6 Rc7 36. Ra5 Rh7 37. Ra8 Bc6 38. Rg8 Be4 39. Rbb8 Bc6 40. Rg5
Be4 41. Rgg8 Bc6 42. Kd2 Rd7+ 43. Ke3 Rd4 44. Rbc8 Re4+ 45. Kd3 Rd4+ 46. Kc3
Bd7 47. Rxc5 Rd1 48. Rc7 f6 49. exf6+ Kxf6 50. Rg6+ Kf5 51. Rc5+ Ke4 52. Nxh5
Kf3 53. Nf6 Rh8 54. Nxg4 Rb8 55. b4 axb3 56. axb3 Rb1 57. Kd4 Rd1+ 58. Ke5 Rxb3
59. Kf6 Kg2 60. Re5 Kg1 61. Re3 Rf1+ 62. Ke7 Rb7 63. Ne5 Ba4+ 64. Kxe6 Bc2 65.
Rg5 Rf8 66. Re2 Bh7 67. Ra2 Re8+ 68. Kd5 Rd8+ 69. Kc5 Rc8+ 70. Kd4 Rb3 71. Ra7
Rd8+ 72. Kc5 Be4 73. Rd7 Ra8 74. Kd4 Bb1 75. h5 Kg2 76. g4 Rb2 77. Rgg7 Re2 78.
Rge7 Rg8 79. h6 Rg5 80. Rd5 Rxg4+ 81. Nxg4 Rxe7 82. Nf6 Rf7 83. Rd6 1-0

[Event "Rimavska Sobota"]
[Site "Rimavska Sobota"]
[Date "1990.??.??"]
[Round "1"]
[White "Palac, Mladen"]
[Black "Kupreichik, Viktor D"]
[Result "0-1"]
[WhiteElo "2505"]
[BlackElo "2490"]
[PlyCount "76"]
[EventDate "1990.06.??"]
[EventType "tourn"]
[EventRounds "13"]
[EventCountry "CSR"]
[EventCategory "8"]
[SourceTitle "CBM 020 Extra"]
[Source "ChessBase"]
[SourceDate "1991.03.01"]
[SourceVersion "1"]
[SourceVersionDate "1991.03.01"]
[SourceQuality "1"]

1. e4 e5 2. Nf3 Nc6 3. Bb5 a6 4. Ba4 Nf6 5. O-O Be7 6. Bxc6 dxc6 7. Qe1 c5 8.
b3 Bd6 9. Bb2 Qe7 10. d3 Nh5 11. Nbd2 O-O 12. Nc4 f6 13. a4 Bg4 14. Nfd2 Nf4
15. f3 Bd7 16. a5 Ne6 17. Nxd6 Qxd6 18. Nc4 Qc6 19. g3 Nd4 20. Rf2 b5 21. axb6
cxb6 22. b4 Be6 23. Ne3 cxb4 24. Qxb4 a5 25. Qe1 Rfd8 26. f4 Qc7 27. f5 Bf7 28.
g4 b5 29. h4 b4 30. Kh1 Qb6 31. g5 Kh8 32. Rg2 Bh5 33. Nd5 Rxd5 34. exd5 Bf3
35. gxf6 gxf6 36. Qf2 Bxg2+ 37. Kxg2 Rg8+ 38. Kf1 Qc5 0-1

[Event "Rimavska Sobota"]
[Site "Rimavska Sobota"]
[Date "1990.??.??"]
[Round "3"]
[White "Gross, Stefan"]
[Black "Kupreichik, Viktor D"]
[Result "0-1"]
[WhiteElo "2420"]
[BlackElo "2490"]
[PlyCount "116"]
[EventDate "1990.06.??"]
[EventType "tourn"]
[EventRounds "13"]
[EventCountry "CSR"]
[EventCategory "8"]
[SourceTitle "CBM 020 Extra"]
[Source "ChessBase"]
[SourceDate "1991.03.01"]
[SourceVersion "1"]
[SourceVersionDate "1991.03.01"]
[SourceQuality "1"]

1. Nf3 g6 2. e4 Bg7 3. d4 c5 4. d5 Nf6 5. Nc3 O-O 6. Be2 e6 7. O-O exd5 8. e5
Ng4 9. Bg5 Qa5 10. Nxd5 Nc6 11. Nf6+ Bxf6 12. exf6 a6 13. Bh4 Re8 14. h3 Nge5
15. Nxe5 Nxe5 16. f4 Nc6 17. f5 Nd4 18. Bc4 d5 19. fxg6 Re5 20. Bg3 Rg5 21.
gxf7+ Kxf7 22. Bf4 Rf5 23. Bd3 Rxf6 24. Qh5+ Ke7 25. Bh6 Rxf1+ 26. Rxf1 Be6 27.
c3 c4 28. Bb1 Nc6 29. Re1 Qb6+ 30. Be3 d4 31. Bg5+ Kd6 32. Rxe6+ Kxe6 33. Qg4+
Ke5 34. Bf6+ Kd5 35. Be4+ Kc5 36. Qf5+ Kd6 37. Qd5+ Kc7 38. cxd4 Qxb2 39. Qf7+
Kb6 40. d5 Qc1+ 41. Kf2 Qf4+ 42. Bf3 Qd2+ 43. Kg3 Nd4 44. Bd8+ Rxd8 45. Qf6+
Nc6 46. dxc6 Qd6+ 47. Qxd6 Rxd6 48. cxb7 Kc7 49. Be4 c3 50. h4 Rd2 51. h5 Re2
52. Bb1 c2 53. Bxc2 Rxc2 54. Kh3 Rxa2 55. g4 Ra1 56. Kh2 Rd1 57. h6 Rd8 58. g5
Rh8 0-1

[Event "Rimavska Sobota"]
[Site "Rimavska Sobota"]
[Date "1990.??.??"]
[Round "5"]
[White "Kveinys, Aloyzas"]
[Black "Kupreichik, Viktor D"]
[Result "0-1"]
[WhiteElo "2475"]
[BlackElo "2490"]
[PlyCount "74"]
[EventDate "1990.06.??"]
[EventType "tourn"]
[EventRounds "13"]
[EventCountry "CSR"]
[EventCategory "8"]
[SourceTitle "CBM 020 Extra"]
[Source "ChessBase"]
[SourceDate "1991.03.01"]
[SourceVersion "1"]
[SourceVersionDate "1991.03.01"]
[SourceQuality "1"]

1. d4 Nf6 2. c4 g6 3. Nc3 Bg7 4. e4 O-O 5. Bd3 d6 6. Nge2 e5 7. d5 c6 8. Ng3
Na6 9. O-O Bd7 10. h3 Nc5 11. Be3 cxd5 12. cxd5 Nxd3 13. Qxd3 Ne8 14. Kh2 a6
15. Qd2 b5 16. f4 exf4 17. Bxf4 Rc8 18. Nce2 Qb6 19. Be3 Qd8 20. Bg5 Rc2 21.
Qxc2 Qxg5 22. Ng1 Be5 23. Qf2 Bg4 24. Kh1 Nf6 25. Rac1 Kg7 26. hxg4 Qh4+ 27.
Nh3 Bxg3 28. Qf3 Nxg4 29. Rc7 Nf6 30. b3 Be5 31. g4 g5 32. Re7 Bf4 33. Qc3 Rc8
34. Qf3 Rc2 35. Re1 Nxg4 36. e5 Nxe5 37. R7xe5 dxe5 0-1

[Event "Rimavska Sobota"]
[Site "Rimavska Sobota"]
[Date "1990.??.??"]
[Round "7"]
[White "Kupreichik, Viktor D"]
[Black "Plachetka, Jan"]
[Result "1-0"]
[WhiteElo "2490"]
[BlackElo "2425"]
[PlyCount "77"]
[EventDate "1990.06.??"]
[EventType "tourn"]
[EventRounds "13"]
[EventCountry "CSR"]
[EventCategory "8"]
[SourceTitle "CBM 020 Extra"]
[Source "ChessBase"]
[SourceDate "1991.03.01"]
[SourceVersion "1"]
[SourceVersionDate "1991.03.01"]
[SourceQuality "1"]

1. e4 e5 2. Nf3 Nc6 3. Bb5 Nf6 4. O-O Nxe4 5. d4 Nd6 6. Bxc6 dxc6 7. Bg5 Be7 8.
Bxe7 Qxe7 9. dxe5 Nf5 10. Nc3 O-O 11. Qd3 Be6 12. Qe4 Rfd8 13. h3 h6 14. Rad1
Qc5 15. Rfe1 Qc4 16. Qxc4 Bxc4 17. g4 Ne7 18. Nd2 Ba6 19. f4 c5 20. Kf2 Rd4 21.
Nb3 Rxf4+ 22. Kg3 Rb4 23. Rd7 Ng6 24. Nd5 Rc4 25. Nxc7 Nf8 26. Rd2 Rb8 27. c3
Ra4 28. Red1 Ng6 29. e6 fxe6 30. Nxc5 Rxa2 31. N5xe6 Ne5 32. Rd5 Nf7 33. b3 Rc2
34. c4 Rc8 35. R1d3 Re2 36. Rd7 Rb2 37. Rf3 Ng5 38. Nxg5 hxg5 39. Ne6 1-0

[Event "Rimavska Sobota"]
[Site "Rimavska Sobota"]
[Date "1990.??.??"]
[Round "11"]
[White "Kupreichik, Viktor D"]
[Black "Bandza, Algirdas S"]
[Result "1-0"]
[WhiteElo "2490"]
[BlackElo "2380"]
[PlyCount "153"]
[EventDate "1990.06.??"]
[EventType "tourn"]
[EventRounds "13"]
[EventCountry "CSR"]
[EventCategory "8"]
[SourceTitle "CBM 020 Extra"]
[Source "ChessBase"]
[SourceDate "1991.03.01"]
[SourceVersion "1"]
[SourceVersionDate "1991.03.01"]
[SourceQuality "1"]

1. e4 e5 2. Nf3 Nc6 3. Bb5 a6 4. Ba4 Nf6 5. O-O Be7 6. Re1 b5 7. Bb3 d6 8. a4
Bd7 9. c3 O-O 10. d4 exd4 11. cxd4 Bg4 12. Nc3 Rb8 13. axb5 axb5 14. Be3 Nb4
15. h3 Bxf3 16. Qxf3 Nd3 17. Reb1 c5 18. Qe2 c4 19. Nxb5 d5 20. exd5 cxb3 21.
Qxd3 Nxd5 22. Nc3 Nb4 23. Qc4 Nc2 24. Ra7 Bd6 25. Rf1 Rb4 26. Qd5 Rb6 27. Kh1
Qe8 28. Bg5 h6 29. Bh4 Bb8 30. Re7 Qc8 31. Bg3 Qa6 32. Kg1 Rf6 33. Be5 Qxf1+
34. Kxf1 Ne3+ 35. Ke2 Nxd5 36. Nxd5 Bxe5 37. Rxe5 Re6 38. Ne7+ Kh7 39. f4 Rxe5+
40. fxe5 Re8 41. Nc6 Ra8 42. Kd3 Kg8 43. Kc4 Kf8 44. Kxb3 Ke8 45. Kc3 Ra1 46.
d5 Rd1 47. Kc4 Rc1+ 48. Kd4 Kd7 49. b4 Rd1+ 50. Kc5 Rc1+ 51. Kb6 Rd1 52. d6 f6
53. Nb8+ Ke6 54. Kc7 fxe5 55. d7 e4 56. d8=Q Rxd8 57. Kxd8 Kd5 58. b5 Kc5 59.
Nd7+ Kxb5 60. Ke7 Kc4 61. Ke6 Kd4 62. h4 e3 63. Ne5 Ke4 64. Nf3 Kf4 65. h5 Kg4
66. Nd4 Kxh5 67. Kf5 Kh4 68. Ne2 g6+ 69. Kf4 g5+ 70. Kf3 Kh5 71. Ng3+ Kg6 72.
Kxe3 h5 73. Ke4 h4 74. Nf1 Kh5 75. Kf5 g4 76. Nh2 g3 77. Nf3 1-0

[Event "Rimavska Sobota"]
[Site "Rimavska Sobota"]
[Date "1990.??.??"]
[Round "13"]
[White "Kupreichik, Viktor D"]
[Black "Dobrovolsky, Ladislav"]
[Result "1-0"]
[WhiteElo "2490"]
[BlackElo "2405"]
[PlyCount "69"]
[EventDate "1990.06.??"]
[EventType "tourn"]
[EventRounds "13"]
[EventCountry "CSR"]
[EventCategory "8"]
[SourceTitle "CBM 020 Extra"]
[Source "ChessBase"]
[SourceDate "1991.03.01"]
[SourceVersion "1"]
[SourceVersionDate "1991.03.01"]
[SourceQuality "1"]

1. e4 e5 2. Nf3 Nc6 3. Bb5 a6 4. Ba4 Nf6 5. O-O Be7 6. Re1 b5 7. Bb3 O-O 8. a4
b4 9. d4 d6 10. dxe5 Nxe5 11. Nbd2 Bb7 12. Nxe5 dxe5 13. Qf3 c5 14. h3 Qc7 15.
Nc4 Rad8 16. Bg5 Rd4 17. Bxf6 Bxf6 18. c3 bxc3 19. bxc3 Rd7 20. a5 Rfd8 21. Nb6
Rd3 22. Re3 Rd2 23. Bd5 Bg5 24. Re2 Rxe2 25. Qxe2 Bxd5 26. exd5 Bf6 27. Qxa6 e4
28. Qc4 Re8 29. Qb5 Rb8 30. Re1 g6 31. Qc6 Qf4 32. Re3 Be5 33. g3 Qf6 34. Rxe4
Bxg3 35. Qxf6 1-0

[Event "Badenweiler op"]
[Site "Badenweiler"]
[Date "1990.??.??"]
[Round "5"]
[White "Kupreichik, Viktor D"]
[Black "Levitt, Jonathan"]
[Result "1-0"]
[WhiteElo "2440"]
[BlackElo "2455"]
[PlyCount "45"]
[EventDate "1990.10.??"]
[EventType "swiss"]
[EventRounds "9"]
[EventCountry "GER"]
[SourceTitle "GER"]
[Source "ChessBase"]
[SourceDate "1999.07.01"]
[SourceVersion "1"]
[SourceVersionDate "1999.07.01"]
[SourceQuality "1"]

1. e4 e6 2. d4 d5 3. e5 c5 4. c3 Nc6 5. Nf3 Bd7 6. Be2 Nge7 7. O-O Nf5 8. Bd3
Nh4 9. Ng5 cxd4 10. cxd4 Nxd4 11. Qh5 Ng6 12. Nc3 Nxe5 13. Nxe6 Nef3+ 14. gxf3
Bxe6 15. Kg2 Be7 16. Re1 Qd7 17. Bf4 h6 18. Nb5 Nxb5 19. Bxb5 Qxb5 20. Rxe6 Kf8
21. Qf5 Qd7 22. Rxh6 Qxf5 23. Rxh8# 1-0

[Event "Badenweiler op"]
[Site "Badenweiler"]
[Date "1990.??.??"]
[Round "8"]
[White "Kupreichik, Viktor D"]
[Black "Tischbierek, Raj"]
[Result "1-0"]
[WhiteElo "2440"]
[BlackElo "2495"]
[PlyCount "69"]
[EventDate "1990.10.??"]
[EventType "swiss"]
[EventRounds "9"]
[EventCountry "GER"]
[SourceTitle "GER"]
[Source "ChessBase"]
[SourceDate "1999.07.01"]
[SourceVersion "1"]
[SourceVersionDate "1999.07.01"]
[SourceQuality "1"]

1. e4 c5 2. Nf3 d6 3. Nc3 Nc6 4. d4 cxd4 5. Nxd4 Nf6 6. f4 e5 7. Nf3 Be7 8. Bc4
O-O 9. Bb3 b5 10. O-O b4 11. Nd5 Nxe4 12. fxe5 dxe5 13. Nxe7+ Qxe7 14. Qd5 Qc5+
15. Qxc5 Nxc5 16. Bd5 Bd7 17. a3 bxa3 18. Rxa3 Ne6 19. Be3 a6 20. Rd1 Rfc8 21.
Bc4 Nb4 22. Nxe5 Bb5 23. Bxb5 axb5 24. Rxa8 Rxa8 25. c3 Na6 26. Rd7 f6 27. Nc6
Nac5 28. Rd5 Ne4 29. Kf1 Nc7 30. Rd7 Ne6 31. Re7 N6c5 32. Nb4 Ra1+ 33. Ke2 Rb1
34. Rc7 Rxb2+ 35. Kf3 1-0

[Event "Jyvaskyla op"]
[Site "Jyvaskyla"]
[Date "1991.??.??"]
[Round "?"]
[White "Kupreichik, Viktor D"]
[Black "Nevanlinna, Risto"]
[Result "1-0"]
[WhiteElo "2460"]
[BlackElo "2300"]
[PlyCount "79"]
[EventDate "1991.??.??"]
[EventType "swiss"]
[EventRounds "7"]
[EventCountry "FIN"]
[SourceTitle "EXT 2002"]
[Source "ChessBase"]
[SourceDate "2001.11.25"]
[SourceVersion "1"]
[SourceVersionDate "2001.11.25"]
[SourceQuality "1"]

1. e4 c5 2. Nf3 d6 3. Nc3 Nc6 4. d4 cxd4 5. Nxd4 Nf6 6. f4 Qb6 7. Nb3 e6 8. a4
a6 9. a5 Qc7 10. Be3 Be7 11. Be2 O-O 12. O-O Nd7 13. Na4 Re8 14. Qd2 Bf8 15.
Bf3 d5 16. exd5 Nb4 17. dxe6 Rxe6 18. Nd4 Re8 19. c3 Nc6 20. b4 Nf6 21. Nb6 Rb8
22. Rad1 Bg4 23. Nxc6 bxc6 24. Bd4 Ne4 25. Qd3 Qxf4 26. Bxg4 Qxg4 27. Qxa6 c5
28. bxc5 Nxc3 29. Bxc3 Bxc5+ 30. Kh1 Re2 31. Qxe2 Qxe2 32. Nd7 Qb5 33. Nxb8
Qxb8 34. a6 Qb6 35. a7 Qxa7 36. Rd8+ Bf8 37. Bb4 h6 38. Rxf8+ Kh7 39. R8xf7 Qd4
40. Bf8 1-0

[Event "Katowice op"]
[Site "Katowice"]
[Date "1991.??.??"]
[Round "5"]
[White "Asanov, Bolat"]
[Black "Kupreichik, Viktor D"]
[Result "0-1"]
[WhiteElo "2325"]
[BlackElo "2460"]
[PlyCount "118"]
[EventDate "1991.??.??"]
[EventType "swiss"]
[EventRounds "11"]
[EventCountry "POL"]
[SourceTitle "EXT 1997"]
[Source "ChessBase"]
[SourceDate "1996.11.15"]
[SourceVersion "1"]
[SourceVersionDate "1996.11.15"]
[SourceQuality "1"]

1. Nf3 Nf6 2. g3 g6 3. Bg2 Bg7 4. O-O O-O 5. d4 d6 6. a4 Nc6 7. a5 a6 8. Nc3 e5
9. dxe5 dxe5 10. Be3 Bf5 11. Qc1 Qc8 12. Rd1 Rd8 13. Rxd8+ Qxd8 14. Nh4 Be6 15.
Bg5 Qf8 16. h3 h6 17. Be3 Rd8 18. Nf3 Nd5 19. Na4 Nxe3 20. Qxe3 Nd4 21. Nxd4
exd4 22. Qa3 Qe8 23. Qc5 c6 24. Qb6 Qe7 25. Nc5 Bd5 26. Re1 Bxg2 27. Kxg2 Rd5
28. b4 Bf8 29. e4 Rd8 30. e5 Rd5 31. f4 Qe8 32. Ne4 Be7 33. Rd1 Qd7 34. Nc5 Qf5
35. Nd3 Qe4+ 36. Kf2 Qe3+ 37. Kg2 Rb5 38. Qc7 Bxb4 39. Qd8+ Bf8 40. Re1 Qd2+
41. Kg1 Qxa5 42. Qe8 Qc7 43. e6 Qe7 44. exf7+ Qxf7 45. Qc8 Kh7 46. Ne5 Qf5 47.
Qe8 Rb2 48. Nd3 Rb5 49. Re6 h5 50. Kf2 Kg7 51. Qd7+ Kh6 52. Qe8 Bg7 53. Qg8 Qf8
54. Qxf8 Bxf8 55. Ne5 Rc5 56. f5 Kg5 57. fxg6 Kf5 58. Re8 Bg7 59. Nf3 Rxc2+ 0-1

[Event "Lenk op"]
[Site "Lenk"]
[Date "1991.??.??"]
[Round "5"]
[White "Kupreichik, Viktor D"]
[Black "Gallagher, Joseph G"]
[Result "1-0"]
[WhiteElo "2460"]
[BlackElo "2520"]
[PlyCount "70"]
[EventDate "1991.??.??"]
[EventType "swiss"]
[EventRounds "9"]
[EventCountry "SUI"]
[SourceTitle "TD"]
[Source "ChessBase"]
[SourceDate "1994.03.01"]
[SourceVersion "1"]
[SourceVersionDate "1994.03.01"]
[SourceQuality "1"]

1. e4 c5 2. Nf3 d6 3. Nc3 Nf6 4. d4 cxd4 5. Nxd4 a6 6. h3 e6 7. g4 d5 8. exd5
Nxd5 9. Nde2 Bb4 10. Bd2 Nc6 11. a3 Be7 12. Nf4 Nxf4 13. Bxf4 Qb6 14. b4 Nxb4
15. axb4 Qc6 16. Qd4 Bf6 17. Be5 Bxe5 18. Qxe5 f6 19. Qg3 Qxh1 20. f3 Bd7 21.
O-O-O Bc6 22. Be2 Qxd1+ 23. Nxd1 O-O 24. Bc4 Rfe8 25. f4 Kh8 26. g5 fxg5 27.
Qxg5 Be4 28. Ne3 Rac8 29. Bb3 Rc3 30. Kd2 Rcc8 31. Qe5 Bd5 32. c4 Bc6 33. Bc2
Rcd8+ 34. Kc3 Kg8 35. Ng4 b5 1-0

[Event "Lenk op"]
[Site "Lenk"]
[Date "1991.??.??"]
[Round "9"]
[White "Tukmakov, Vladimir B"]
[Black "Kupreichik, Viktor D"]
[Result "0-1"]
[WhiteElo "2520"]
[BlackElo "2460"]
[PlyCount "82"]
[EventDate "1991.??.??"]
[EventType "swiss"]
[EventRounds "9"]
[EventCountry "SUI"]
[SourceTitle "EXT 2010"]
[Source "ChessBase"]
[SourceDate "2010.11.25"]
[SourceVersion "1"]
[SourceVersionDate "2010.11.25"]
[SourceQuality "1"]

1. d4 Nf6 2. c4 g6 3. Nf3 Bg7 4. g3 O-O 5. Bg2 d6 6. O-O Nc6 7. Nc3 e5 8. d5
Ne7 9. c5 Ne8 10. cxd6 cxd6 11. e4 f5 12. Ng5 Nc7 13. Qb3 Kh8 14. Rd1 f4 15.
Ne6 Nxe6 16. dxe6 Nc6 17. Bh3 Nd4 18. Rxd4 exd4 19. Nd5 fxg3 20. Qxg3 Be5 21.
Qg2 Bf6 22. Bh6 Rg8 23. Rc1 g5 24. Bf5 Bxe6 25. Bxe6 Rg6 26. Qh3 g4 27. Qh5
Rxh6 28. Qxh6 Bg5 29. Qh5 Bxc1 30. Bf5 h6 31. Qg6 Qg8 32. Qxd6 Bg5 33. Ne7 Rd8
34. Ng6+ Kg7 35. Qe5+ Bf6 36. Qg3 d3 37. e5 Bg5 38. e6 h5 39. Qe5+ Kh6 40. e7
d2 41. exd8=Q Qxd8 0-1